Inam-E-Christmas Wa Easter (Record no. 5445)

MARC details
000 -LEADER
fixed length control field 00615nam a2200241 a 4500
020 ## - INTERNATIONAL STANDARD BOOK NUMBER
ISBN
082 00 - DEWEY DECIMAL CLASSIFICATION NUMBER
Classification number 297.293
Author Cutter SHA
100 ## - MAIN ENTRY--AUTHOR NAME
Author name Shareef Faqir Muhammad, Afzal
245 ## - TITLE STATEMENT
Title Inam-E-Christmas Wa Easter
260 ## - PUBLICATION, DISTRIBUTION, ETC. (IMPRINT)
Place of publication Hyderabad
Name of publisher Deendar Anjuman
Year of publication 1955
300 ## - PHYSICAL DESCRIPTION
Number of Pages 79p
500 ## - GENERAL NOTE
General note includes index and biblioraphy
505 2# - FORMATTED CONTENTS NOTE
Formatted contents note Bibliography
650 ## - SUBJECT ADDED ENTRY--TOPICAL TERM
Topical Term Islam-Apologetic Works
942 ## - ADDED ENTRY ELEMENTS (KOHA)
Koha item type Books
700 1# -
-- Shareef Faqir Muhammad, Afzal
Holdings
Collection code Home library Current library Date acquired Cost, normal purchase price Full call number Accession Number Koha item type
  Henry Martyn Institute Library Henry Martyn Institute Library 07/23/2007 100.00 297.293 SHA 06114 Books
                   Copyright © 2026 | Henry Martyn Institute | Hyderabad | TS-500052 | INDIA | Implemented by hmi.edu.in
Hit-Count:

Powered by Koha